Elements that Stars Fuse - Statistics

General Stats
  • This quiz has been taken 375 times
  • The average score is 5 of 7
Answer Stats
Threshold Element % Correct
0.5 M Helium
98%
0.08 M Hydrogen
98%
8 M Oxygen
83%
5 M Carbon
81%
Brown dwarf Lithium
57%
8 M Neon
54%
8 M Silicon
28%
No matching quizzes found
Score Distribution
Percent of People with Each Score
Percentile by Number Answered
Your Score History
You have not taken this quiz